00335nam a2200133Ia 4500008004100000020001500041082001600056100002000072245003300092260003900125300000800164650001100172650001800183140316s9999 xx 000 0 und d a8182644992 a814bGUP/GU aGupthan Nair ,S aGupthan nayarude lekhanangal aKozhikodebMathrubhumi Booksc2007 a164 aEssays aniroopanangal